000 00700nam a2200265Ia 4500
003 OSt
005 20221007110507.0
006 a|||||r|||| 00| 0
007 ta
008 221006b |||||||| |||| 00| 0 eng d
020 _a0155161202
024 _a21,230
037 _cTextual
040 _aLCO
_cLCO
_beng
041 _2eng
_aeng
082 _aY1:45, L8
100 _aSykes Gresham M.
_9697220
245 0 _aCriminology
260 _aNew
_bYork Harcourt Brace Jovanovich U.S.A.
_c1978
300 _a631
650 _aCRIMINOLOGY
700 _a Merton Robert K. Ed.
942 _hY1:45, L8
_cTEXL
999 _c1190793
_d1190793